Princip subsidiarity v Evropské unii

Začleňovanie subsidiarity do Maastrichtskej zmluvy. Názory členských štátov na subsidiaritu. Názory inštitúcií ES na subsidiaritu. Protokol o používaní zásad subsidiarity a proporcionality v Amsterdamskej zmluve (1999).Spôsoby použitia subsidiarity. Budúcnosť EÚ a úloha subsidiarity v nej. Návrh zml...

Celý popis

Uložené v:
Podrobná bibliografia
Hlavný autor: Druláková, Radka
Médium: Kapitola
Jazyk:Czech
Predmet:
Tagy: Pridať tag
Žiadne tagy, Buďte prvý, kto otaguje tento záznam!

MARC

LEADER 00000naa$a2200000$$$4500
001 0043825
005 20231114082325.4
041 0 |a cze 
044 |a CZ 
245 1 0 |a Princip subsidiarity v Evropské unii  |c Radka Druláková 
520 |a Začleňovanie subsidiarity do Maastrichtskej zmluvy. Názory členských štátov na subsidiaritu. Názory inštitúcií ES na subsidiaritu. Protokol o používaní zásad subsidiarity a proporcionality v Amsterdamskej zmluve (1999).Spôsoby použitia subsidiarity. Budúcnosť EÚ a úloha subsidiarity v nej. Návrh zmluvy o založení Ústavy pre Európu. 
610 2 0 |a Európska únia 
610 2 0 |a Európa 
610 2 0 |a subsidiarita 
610 2 0 |a integrácia ekonomická medzinárodná 
610 2 0 |a demokracia 
610 2 0 |a identita 
610 2 0 |a ústava 
610 2 0 |a kompetencie 
610 2 0 |a spolupráca medzinárodná 
100 1 |a Druláková, Radka